Updating the electricity generating stations and overhead lines inquiry procedure in England and Wales (Record no. 106170)
[ view plain ]
| 000 -LEADER | |
|---|---|
| fixed length control field | 01684cam a2200253 4500 |
| 001 - CONTROL NUMBER | |
| control field | ##L135725 |
| 008 - FIXED-LENGTH DATA ELEMENTS--GENERAL INFORMATION | |
| fixed length control field | 061204n2006 000 0 eng u |
| 035 ## - SYSTEM CONTROL NUMBER | |
| System control number | (Sirsi) u135725 |
| 041 0# - LANGUAGE CODE | |
| Language code of text/sound track or separate title | eng |
| 050 04 - LIBRARY OF CONGRESS CALL NUMBER | |
| Classification number | 711.1 $2 18 |
| 110 1# - MAIN ENTRY--CORPORATE NAME | |
| Corporate name or jurisdiction name as entry element | United Kingdom |
| Subordinate unit | Department of Trade and Industry |
| 245 00 - TITLE STATEMENT | |
| Title | Updating the electricity generating stations and overhead lines inquiry procedure in England and Wales |
| Remainder of title | an energy review consultation |
| 260 ## - PUBLICATION, DISTRIBUTION, ETC. | |
| Place of publication, distribution, etc. | London |
| Name of publisher, distributor, etc. | DTI |
| Date of publication, distribution, etc. | 2006 |
| 520 ## - SUMMARY, ETC. | |
| Summary, etc. | Details the proposed rules update to the procedures for inquiries under the Electricity Act 1989 s62, in order to determine applications under s36 to construct large electricity generating stations and under s37 for overhead lines. The procedures take account of existing best practice introduced in the Town and Country Planning (Major Infrastructure Inquiries Procedure) (England) Rules 2005 and take advantage of powers created in the Energy Act 2004. The new rules will replace the existing Electricity Generating Stations and Overhead Lines (Inquiries Procedure) Rules 1990. Consultation deadline is 1 February 2007. |
| 590 ## - LOCAL NOTE (RLIN) | |
| Local note | KA |
| 650 24 - SUBJECT ADDED ENTRY--TOPICAL TERM | |
| Topical term or geographic name entry element | ELECTRICITY ACT 1989 |
| 650 24 - SUBJECT ADDED ENTRY--TOPICAL TERM | |
| Topical term or geographic name entry element | ELECTRICITY GENERATING STATIONS AND OVERHEAD LINES (INQUIRIES PROCEDURE) RULES 1990 |
| 650 24 - SUBJECT ADDED ENTRY--TOPICAL TERM | |
| Topical term or geographic name entry element | ENERGY ACT 2004 |
| 650 24 - SUBJECT ADDED ENTRY--TOPICAL TERM | |
| Topical term or geographic name entry element | TOWN AND COUNTRY PLANNING (MAJOR INFRASTRUCTURE PROJECT INQUIRIES PROCEDURE) (ENGLAND) RULES 2005 |
| 651 #4 - SUBJECT ADDED ENTRY--GEOGRAPHIC NAME | |
| Geographic name | England and Wales |
| Chronological subdivision | 1543- |
| 690 ## - LOCAL SUBJECT ADDED ENTRY--TOPICAL TERM (OCLC, RLIN) | |
| Topical term or geographic name as entry element | ENVIRONMENTAL AND LAND CONSULTANCY-PLANNING AND DEVELOPMENT-DEVELOPMENT CONTROL |
| 856 40 - ELECTRONIC LOCATION AND ACCESS | |
| Uniform Resource Identifier | <a href="https://www.dti.gov.uk/consultations/page35200.html">https://www.dti.gov.uk/consultations/page35200.html</a> |
| Public note | View the consultation free of charge at www.dti.gov.uk... |
| 942 ## - ADDED ENTRY ELEMENTS (KOHA) | |
| Suppress in OPAC | 0 |
| Withdrawn status | Lost status | Source of classification or shelving scheme | Damaged status | Not for loan | Home library | Current library | Shelving location | Date acquired | Total Checkouts | Full call number | Barcode | Date last seen | Copy number | Price effective from | Koha item type |
|---|---|---|---|---|---|---|---|---|---|---|---|---|---|---|---|
| Dewey Decimal Classification | Virtual | Virtual | Online | 04/12/2006 | ONLINE PUBLICATION | 135725-2001 | 06/08/2019 | 1 | 06/08/2019 | Book |